[Event "SR 3. liga A2 2018/2019"]
[Site "?"]
[Date "2018.10.07"]
[Round "1.6"]
[White "Veselsky, Jozef"]
[Black "Hrubsa, Marian"]
[Result "1-0"]
[WhiteElo "2121"]
[BlackElo "1925"]
[PlyCount "87"]
[EventDate "2018.??.??"]

1. d4 f5 2. Bg5 Nf6 3. Bxf6 exf6 4. Nd2 d5 5. e3 Bd6 6. Bd3 c6 7. Ne2 Qc7 8. c4
Be6 9. Nc3 dxc4 10. Nxc4 Be7 11. O-O Nd7 12. Qf3 g6 13. d5 cxd5 14. Nxd5 Qc6
15. Nxe7 Qxf3 16. gxf3 Kxe7 17. Na5 Ne5 18. Be2 Bd5 19. f4 Nf3+ 20. Bxf3 Bxf3
21. Rac1 Rac8 22. Rfe1 Rhg8 23. Nb3 g5 24. Rxc8 Rxc8 25. Nd4 Bg4 26. f3 Bh3 27.
Kf2 Rc5 28. Kg3 g4 29. e4 fxe4 30. fxg4 Bxg4 31. Kxg4 h5+ 32. Kh4 f5 33. Kg5
Kf7 34. Re2 Rd5 35. Nxf5 Rd8 36. Nh6+ Kg7 37. Rxe4 Rd2 38. Nf5+ Kf8 39. Rb4 b6
40. h4 Rd5 41. Rd4 Rc5 42. Kf6 Ke8 43. Rd6 Rc8 44. Ng3 1-0

[Event "SR 3. liga A2 2018/2019"]
[Site "?"]
[Date "2018.10.07"]
[Round "1.6"]
[White "Londin, Martin"]
[Black "Merva, Frantisek"]
[Result "0-1"]
[WhiteElo "1923"]
[BlackElo "2094"]
[PlyCount "64"]
[EventDate "2018.??.??"]

1. e4 e5 2. Nf3 Nc6 3. Bc4 Bc5 4. c3 Nf6 5. d4 exd4 6. cxd4 Bb4+ 7. Nc3 Nxe4 8.
O-O Bxc3 9. bxc3 d5 10. Bd3 O-O 11. Qc2 Re8 12. Bf4 Bf5 13. Rfe1 Bg6 14. Rab1
Na5 15. Ne5 Nd6 16. Nxg6 Rxe1+ 17. Rxe1 hxg6 18. Qa4 Nac4 19. Qb4 b6 20. a4 a5
21. Qb3 b5 22. axb5 a4 23. Qa2 Nxb5 24. Bxc4 dxc4 25. Qxc4 Qd7 26. h3 c6 27.
Bg5 a3 28. Bd2 Qd5 29. Qf1 a2 30. Ra1 Qb3 31. Qe1 Na3 32. Qc1 Nc2 0-1

[Event "SR 3. liga A2 2018/2019"]
[Site "?"]
[Date "2018.10.07"]
[Round "1.6"]
[White "Csuri, Szilveszter"]
[Black "Vogl, Zdenek"]
[Result "1/2-1/2"]
[WhiteElo "1985"]
[BlackElo "1890"]
[PlyCount "46"]
[EventDate "2018.??.??"]

1. e4 e5 2. Nf3 Nc6 3. Bc4 Be7 4. d4 exd4 5. Nxd4 d6 6. O-O Nxd4 7. Qxd4 Bf6 8.
Qd3 Ne7 9. Nc3 O-O 10. Be3 Be6 11. f4 Nc6 12. Bxe6 fxe6 13. a3 a6 14. Rad1 Qe8
15. Rf3 Rd8 16. Rh3 g6 17. Qc4 Qf7 18. b4 d5 19. exd5 Bxc3 20. Qxc3 Rxd5 21.
Rxd5 exd5 22. Rf3 Qf6 23. Qxf6 Rxf6 1/2-1/2

[Event "SR 3. liga A2 2018/2019"]
[Site "?"]
[Date "2018.10.07"]
[Round "1.6"]
[White "Harastova, Viera"]
[Black "Szitasi, Janos"]
[Result "0-1"]
[WhiteElo "1816"]
[BlackElo "1968"]
[PlyCount "112"]
[EventDate "2018.??.??"]

1. d4 d5 2. c4 e6 3. Nc3 Nf6 4. Bg5 Nbd7 5. e3 Be7 6. Nf3 b6 7. Be2 h6 8. Bh4
O-O 9. O-O Re8 10. Rc1 a6 11. a3 dxc4 12. Bxc4 b5 13. Ba2 c5 14. dxc5 Nxc5 15.
b4 Ncd7 16. Bg3 Qb6 17. Qd4 Bb7 18. Qxb6 Nxb6 19. Nd4 Rac8 20. Nxe6 fxe6 21.
Bxe6+ Kf8 22. Bxc8 Rxc8 23. Rfd1 Nc4 24. Nb1 Ke8 25. Rd4 Ne4 26. Rcd1 Bc6 27.
Rc1 Bf6 28. Rdxc4 bxc4 29. Rxc4 Nxg3 30. hxg3 Bd7 31. Rxc8+ Bxc8 32. e4 Bd7 33.
Kf1 Bb5+ 34. Ke1 Bd3 35. Nd2 Bc3 36. f3 Kd7 37. Kd1 Kc6 38. Nb3 Bf1 39. Nc5 a5
40. g4 axb4 41. axb4 Bc4 42. Kc2 Bxb4 43. Nd3 Bd6 44. Kc3 Ba6 45. Kd4 Bxd3 46.
Kxd3 Kc5 47. Ke3 g5 48. e5 Bxe5 49. Ke4 Bg3 50. Kf5 Kd4 51. Kg6 Ke3 52. Kxh6
Kf4 53. Kg6 Be1 54. Kf6 Bd2 55. Kg6 Kg3 56. Kf5 Bf4 0-1

[Event "SR 3. liga A2 2018/2019"]
[Site "?"]
[Date "2018.10.07"]
[Round "1.6"]
[White "Sarkozi, Szabolcs"]
[Black "Vach, Jozef"]
[Result "1-0"]
[WhiteElo "1905"]
[BlackElo "1711"]
[PlyCount "63"]
[EventDate "2018.??.??"]

1. d4 d5 2. Bf4 Nf6 3. e3 e6 4. c3 c6 5. Nd2 Nbd7 6. Bd3 Be7 7. Ngf3 Nh5 8. Bg3
Nxg3 9. hxg3 h6 10. Qe2 b5 11. e4 a6 12. Ne5 Nxe5 13. dxe5 Bb7 14. Qg4 Bf8 15.
Rd1 Qc7 16. Nf3 O-O-O 17. O-O Kb8 18. a4 g5 19. exd5 exd5 20. axb5 axb5 21. b3
Bc8 22. Bf5 Bg7 23. c4 dxc4 24. bxc4 Rxd1 25. Rxd1 Rd8 26. Rb1 Bxe5 27. cxb5 c5
28. b6 Qd6 29. Bxc8 Qd3 30. Bf5 h5 31. Bxd3 hxg4 32. Nxe5 1-0

[Event "SR 3. liga A2 2018/2019"]
[Site "?"]
[Date "2018.10.07"]
[Round "1.6"]
[White "Vepy, Ivan"]
[Black "Meszaros, Lorant"]
[Result "1/2-1/2"]
[WhiteElo "1865"]
[BlackElo "1952"]
[PlyCount "112"]
[EventDate "2018.??.??"]

1. e4 e5 2. Bc4 Nf6 3. Nc3 Nc6 4. a3 Nxe4 5. Nxe4 d5 6. Ba2 dxe4 7. Ne2 Bg4 8.
h3 Bh5 9. g4 Bg6 10. c3 h5 11. Ng3 hxg4 12. Qxg4 Rh4 13. Qe2 Qd3 14. Qd1 O-O-O
15. Bb1 Qd7 16. Qe2 f5 17. Bc2 Be7 18. b4 Rdh8 19. Bb2 Rxh3 20. Rxh3 Rxh3 21.
O-O-O Qe6 22. Rg1 Bf7 23. Nf1 g5 24. Ne3 Rh8 25. Qf1 f4 26. Nd1 Qd5 27. Qe1 Bg6
28. f3 Rh2 29. fxe4 Qe6 30. Nf2 Bh5 31. Rh1 Rxh1 32. Qxh1 Qg6 33. Bd1 g4 34.
Qxh5 Qxh5 35. Bxg4+ Qxg4 36. Nxg4 Kd7 37. Kd1 Ke6 38. Ke2 b5 39. d4 Kd6 40. d5
Nd8 41. c4 bxc4 42. Bxe5+ Kd7 43. Bxf4 a5 44. bxa5 Kc8 45. a6 Bxa3 46. Ne5 Bd6
47. Ng6 Bxf4 48. Nxf4 Nf7 49. Ke3 Kb8 50. Kd4 Ka7 51. Kxc4 Kxa6 52. Kc5 Kb7 53.
Nd3 Nd8 54. Nb4 Kc8 55. e5 Kd7 56. e6+ Nxe6+ 1/2-1/2

[Event "SR 3. liga A2 2018/2019"]
[Site "?"]
[Date "2018.10.07"]
[Round "1.6"]
[White "Both, Lajos"]
[Black "Harasta, Marian"]
[Result "1-0"]
[WhiteElo "1780"]
[BlackElo "1657"]
[PlyCount "147"]
[EventDate "2018.??.??"]

1. Nf3 Nc6 2. c4 e5 3. d3 Nf6 4. g3 Bb4+ 5. Nbd2 d6 6. Bg2 Bg4 7. O-O a6 8. h3
Bh5 9. a3 Bc5 10. b4 Ba7 11. Nh4 O-O 12. Nb3 Rb8 13. Bd2 Nd4 14. Nxd4 Bxd4 15.
Rb1 b5 16. Nf5 Ba7 17. Ne3 Qd7 18. Kh2 Bg6 19. Nd5 Nxd5 20. cxd5 f5 21. Qc2
Rbe8 22. Rbc1 Rf7 23. Qc6 Qc8 24. e3 Bb6 25. Qc2 Ref8 26. f4 Re7 27. Rce1 e4
28. dxe4 fxe4 29. g4 Rfe8 30. Bc1 Bf7 31. Rd1 h5 32. g5 Qf5 33. Qd2 Ra8 34.
Rfe1 a5 35. Bb2 axb4 36. axb4 Ra2 37. Re2 Re8 38. Qc3 Qg6 39. h4 Kf8 40. Bh3
Qh7 41. f5 Qg8 42. Qb3 Rea8 43. Bxg7+ Qxg7 44. Rxa2 Qe5+ 45. Kg2 Rxa2+ 46. Qxa2
Bxe3 47. g6 Bg8 48. Qa1 Qxa1 49. Rxa1 Bxd5 50. Kg3 Bd4 51. Rd1 c5 52. bxc5 dxc5
53. Kf4 e3 54. Re1 Bc3 55. Rxe3 Bd2 56. Ke5 Bxe3 57. Kxd5 c4 58. f6 Bh6 59. Bf5
c3 60. Kc5 Bf4 61. Kxb5 Be5 62. g7+ Kf7 63. Be6+ Kxe6 64. g8=Q+ Kxf6 65. Qg5+
Ke6 66. Qxh5 Kd5 67. Qd1+ Ke4 68. h5 Kf5 69. Kc4 Bf6 70. Kd3 Kg5 71. Qf3 Bg7
72. Qd5+ Kh6 73. Qf5 c2 74. Qg6# 1-0

[Event "SR 3. liga A2 2018/2019"]
[Site "?"]
[Date "2018.10.21"]
[Round "2.1"]
[White "Skreno, Vladimir"]
[Black "Kalmar, Tamas"]
[Result "1-0"]
[WhiteElo "2160"]
[BlackElo "2099"]
[PlyCount "86"]
[EventDate "2018.??.??"]

1. d4 d5 2. Nf3 c6 3. Bf4 Nf6 4. e3 Bf5 5. a3 Qb6 6. b3 e6 7. Nbd2 c5 8. c4 Nc6
9. dxc5 Bxc5 10. b4 Be7 11. c5 Qd8 12. Rc1 O-O 13. Nd4 Bg6 14. Be2 a6 15. N2b3
Qd7 16. O-O Rfc8 17. h3 h6 18. Nf3 Bh5 19. g4 Bg6 20. Ne5 Nxe5 21. Bxe5 Bd8 22.
Nd4 Qe8 23. Qb3 Nd7 24. Bd6 Be7 25. Bg3 Nf6 26. f3 Bf8 27. Rc3 e5 28. Nc2 Qe6
29. Ne1 Ne8 30. Rc1 Nc7 31. Qa4 Kh8 32. Ng2 f6 33. Nh4 Bh7 34. Rfd1 Qc6 35. Qb3
Ne6 36. Qxd5 Qxd5 37. Rxd5 g5 38. Nf5 b6 39. c6 Nd8 40. c7 Ne6 41. Rd7 Ra7 42.
Rc6 Raxc7 43. Rdxc7 Nxc7 1-0

[Event "SR 3. liga A2 2018/2019"]
[Site "?"]
[Date "2018.10.21"]
[Round "2.1"]
[White "Veselsky, Jozef"]
[Black "Bisco, Igor"]
[Result "1/2-1/2"]
[WhiteElo "2121"]
[BlackElo "2044"]
[PlyCount "20"]
[EventDate "2018.??.??"]

1. d4 Nf6 2. Nf3 g6 3. c4 Bg7 4. Nc3 O-O 5. g3 c5 6. Bg2 cxd4 7. Nxd4 Nc6 8.
Nxc6 dxc6 9. O-O Be6 10. b3 Qxd1 1/2-1/2

[Event "SR 3. liga A2 2018/2019"]
[Site "?"]
[Date "2018.10.21"]
[Round "2.1"]
[White "Cebo, Vladimir"]
[Black "Merva, Frantisek"]
[Result "0-1"]
[WhiteElo "1642"]
[BlackElo "2094"]
[PlyCount "78"]
[EventDate "2018.??.??"]

1. c4 e6 2. e4 d5 3. cxd5 exd5 4. e5 Nc6 5. d4 Bf5 6. Nc3 Nb4 7. Bb5+ c6 8. Ba4
Nd3+ 9. Kf1 Ne7 10. a3 Qb6 11. Qb3 Qxd4 12. Be3 Qc4 13. Nge2 Qxb3 14. Bxb3 Nxb2
15. Ra2 Nd3 16. Rd2 Nxe5 17. f3 Nc8 18. a4 Bb4 19. Rd4 a5 20. Kf2 O-O 21. Rhd1
Re8 22. R4d2 Nd6 23. Bf4 Nec4 24. Ra2 h6 25. Bc2 Bxc2 26. Rxc2 Nf5 27. Rd3 Bc5+
28. Ke1 Nfe3 29. Bxe3 Nxe3 30. Rb2 Re7 31. g3 Rae8 32. Ra2 f5 33. h3 d4 34. Nb1
Bb4+ 35. Kf2 c5 36. f4 Nc4 37. Kf1 Re3 38. Rxe3 Rxe3 39. Rc2 d3 0-1

[Event "SR 3. liga A2 2018/2019"]
[Site "?"]
[Date "2018.10.21"]
[Round "2.1"]
[White "Barca, Michal"]
[Black "Szitasi, Janos"]
[Result "0-1"]
[WhiteElo "1752"]
[BlackElo "1968"]
[PlyCount "58"]
[EventDate "2018.??.??"]

1. c4 c5 2. Nc3 Nc6 3. Nf3 Nf6 4. g3 g6 5. d4 cxd4 6. Nxd4 Bg7 7. Bg2 O-O 8.
O-O Qb6 9. Nf3 d6 10. Nd5 Nxd5 11. cxd5 Nb4 12. e4 Bd7 13. Be3 Qb5 14. Qd2 a5
15. Rfd1 Rfc8 16. Bf1 Qa4 17. Nd4 Na6 18. Bd3 Bxd4 19. Bxa6 Bxe3 20. Qxe3 Rxa6
21. Rd4 Qb5 22. e5 Rc4 23. Rd2 Qc5 24. Qg5 Rc1+ 25. Rd1 Rxa1 26. Rxa1 Qxd5 27.
Qxe7 dxe5 28. Rc1 Bh3 29. Rc8+ Bxc8 0-1

[Event "SR 3. liga A2 2018/2019"]
[Site "?"]
[Date "2018.10.21"]
[Round "2.1"]
[White "Sarkozi, Szabolcs"]
[Black "Janas, Peter"]
[Result "1-0"]
[WhiteElo "1905"]
[BlackElo "1760"]
[PlyCount "43"]
[EventDate "2018.??.??"]

1. d4 Nf6 2. Bf4 d6 3. Nc3 d5 4. f3 Bf5 5. g4 Bg6 6. h4 h6 7. Bg2 c6 8. e4 dxe4
9. Nxe4 Nd5 10. Ne2 Bxe4 11. fxe4 Nxf4 12. Nxf4 Qc7 13. Qd2 e6 14. O-O-O Be7
15. d5 cxd5 16. exd5 Bd6 17. Nh5 g6 18. dxe6 Be5 19. exf7+ Kxf7 20. Qd5+ Ke7
21. Rhf1 Ke8 22. Qe6+ 1-0

[Event "SR 3. liga A2 2018/2019"]
[Site "?"]
[Date "2018.10.21"]
[Round "2.1"]
[White "Tupy, Bystrik"]
[Black "Meszaros, Lorant"]
[Result "1/2-1/2"]
[WhiteElo "1711"]
[BlackElo "1952"]
[PlyCount "85"]
[EventDate "2018.??.??"]

1. e4 e5 2. Nf3 Nc6 3. Bb5 a6 4. Ba4 Bc5 5. O-O Nge7 6. d3 Ng6 7. Nc3 b5 8. Bb3
Na5 9. Be3 Nxb3 10. axb3 Bxe3 11. fxe3 c6 12. d4 d6 13. dxe5 dxe5 14. Qxd8+
Kxd8 15. Ng5 f6 16. Nf7+ Ke7 17. Nxh8 Nxh8 18. Rfd1 Nf7 19. Rd2 Ra7 20. b4 Bg4
21. h3 Bc8 22. b3 Rc7 23. Kf2 h5 24. Rc1 h4 25. Rg1 Ng5 26. Rgd1 Bd7 27. Ke2
Ra7 28. Rc1 Be8 29. Nd1 Nxe4 30. Rd3 f5 31. Nb2 Bg6 32. Ke1 Bh5 33. c4 Rc7 34.
Nd1 Bf7 35. cxb5 axb5 36. Ra1 Be6 37. Ra8 Bc8 38. Nc3 Nf6 39. Ke2 Nd7 40. Ra1
Nf6 41. Rc1 Rb7 42. Nd1 Bd7 43. Ra1 1/2-1/2

[Event "SR 3. liga A2 2018/2019"]
[Site "?"]
[Date "2018.10.21"]
[Round "2.1"]
[White "Both, Lajos"]
[Black "Jancicka, Viliam"]
[Result "1-0"]
[WhiteElo "1780"]
[BlackElo "1630"]
[PlyCount "137"]
[EventDate "2018.??.??"]

1. Nf3 Nc6 2. d4 d5 3. c4 Nf6 4. Nc3 e6 5. e3 h6 6. a3 Be7 7. Bd3 a6 8. O-O b6
9. b4 Bd7 10. Ne5 O-O 11. Nxd7 Qxd7 12. Bd2 Na7 13. c5 b5 14. Ne2 c6 15. Ng3 g6
16. Qc2 Kg7 17. Rad1 Bd8 18. Qc1 Rh8 19. e4 Nc8 20. e5 Ng8 21. Ne2 Nce7 22. Nf4
Ra7 23. Rde1 Qe8 24. Qd1 h5 25. Nh3 Nh6 26. Bg5 Nef5 27. Be2 Bxg5 28. Nxg5 Qc8
29. f4 Ne3 30. Qd3 Nxf1 31. Rxf1 a5 32. h3 axb4 33. axb4 h4 34. Bg4 Nf5 35.
Bxf5 gxf5 36. g4 hxg3 37. Qxg3 Kf8 38. Kh1 Ke7 39. Rg1 Qf8 40. Qf2 Ra3 41. Rg3
Rxg3 42. Qxg3 f6 43. exf6+ Qxf6 44. Qe3 Ra8 45. Kg2 Ra4 46. Qc3 Qf8 47. Qe1 Qh6
48. Kg1 Qf6 49. Kh1 Ra2 50. Qe3 Kd7 51. h4 Ra4 52. Qe1 Ra2 53. Nf3 Ke7 54. Qg1
Qh6 55. Qg3 Kd7 56. Ne5+ Kc7 57. Nf7 Qh5 58. Ng5 Re2 59. Nf3 Qg4 60. Qxg4 fxg4
61. Ne5 Re4 62. Kg2 Rxf4 63. Kg3 Rxd4 64. h5 Rxb4 65. h6 Re4 66. h7 Re3+ 67.
Kxg4 Re4+ 68. Kg3 Re3+ 69. Kf4 1-0

[Event "SR 3. liga A2 2018/2019"]
[Site "?"]
[Date "2018.10.21"]
[Round "2.2"]
[White "Sefcik, Marek"]
[Black "Koutny, Petr"]
[Result "0-1"]
[WhiteElo "2027"]
[BlackElo "2203"]
[PlyCount "106"]
[EventDate "2018.??.??"]

1. e3 d5 2. f4 Nf6 3. Nf3 Bg4 4. Be2 Nbd7 5. O-O Bxf3 6. Bxf3 e5 7. d4 e4 8.
Be2 Nb6 9. b3 c6 10. Ba3 Bxa3 11. Nxa3 Qe7 12. Qc1 h5 13. Nb1 Nc8 14. Nd2 Nd6
15. Rf2 Nf5 16. Nf1 O-O-O 17. Qd2 Kb8 18. g3 c5 19. c3 cxd4 20. cxd4 Rc8 21.
Qb2 Qb4 22. Bd1 Qc3 23. Rc2 Qxb2 24. Rxb2 Rc3 25. Kf2 Rhc8 26. h3 h4 27. g4 Ng3
28. Nd2 Rd3 29. g5 Nfh5 30. Bxh5 Nxh5 31. Nf1 Ng3 32. Re1 Nf5 33. Rbe2 Rcc3 34.
Kg2 Kc7 35. Kf2 Kb6 36. Nh2 Ng3 37. Rb2 Rc6 38. Ng4 f6 39. gxf6 gxf6 40. Ra1
Rdc3 41. Rd2 Kc7 42. Rg1 Kd7 43. Nh2 Ke6 44. Rgd1 Rc8 45. Rg1 Rxe3 46. Kxe3
Rc3+ 47. Kf2 e3+ 48. Ke1 exd2+ 49. Kxd2 Ne4+ 50. Kd1 Rxh3 51. Rg2 Rg3 52. Rxg3
hxg3 53. Nf3 Kf5 0-1

[Event "SR 3. liga A2 2018/2019"]
[Site "?"]
[Date "2018.10.21"]
[Round "2.2"]
[White "Hrubsa, Marian"]
[Black "Horak, Ivan"]
[Result "1-0"]
[WhiteElo "1925"]
[BlackElo "1996"]
[PlyCount "89"]
[EventDate "2018.??.??"]

1. e4 c5 2. Nf3 d6 3. d4 cxd4 4. Nxd4 Nf6 5. Nc3 a6 6. Be2 e5 7. Nb3 Be7 8. Be3
Be6 9. O-O O-O 10. Qe1 Nbd7 11. Rd1 Rc8 12. f3 b5 13. a3 Nb6 14. Qf2 Nc4 15.
Bxc4 Bxc4 16. Bb6 Qd7 17. Rfe1 Bxb3 18. cxb3 Qb7 19. Nd5 Nxd5 20. Rxd5 Rc6 21.
Ba5 Rfc8 22. Bc3 Bd8 23. Qd2 a5 24. b4 axb4 25. axb4 h6 26. Rd1 Be7 27. Qd3 Rc4
28. Ra1 Qb6+ 29. Kf1 Qc6 30. Ra5 Rb8 31. Qe3 Rb7 32. Qd3 g6 33. Qe3 Kg7 34. g4
f5 35. gxf5 gxf5 36. Qg1+ Kh7 37. Ra8 Bg5 38. Ra7 fxe4 39. Rxb7+ Qxb7 40. Rxd6
exf3 41. Qg3 Re4 42. Qh3 Kg8 43. Qf5 Rf4 44. Qxe5 Qa7 45. Qe8+ 1-0

[Event "SR 3. liga A2 2018/2019"]
[Site "?"]
[Date "2018.10.21"]
[Round "2.2"]
[White "Hirmajer, Jan"]
[Black "Londin, Martin"]
[Result "0-1"]
[WhiteElo "1909"]
[BlackElo "1923"]
[PlyCount "142"]
[EventDate "2018.??.??"]

1. c4 b6 2. Nf3 Bb7 3. d4 e6 4. Nc3 d5 5. cxd5 exd5 6. Qa4+ Bc6 7. Qc2 Bd6 8.
Bg5 f6 9. Bd2 Ne7 10. e3 Bb7 11. Nb5 O-O 12. Nxd6 Qxd6 13. Bd3 g6 14. Rc1 c6
15. h4 Ba6 16. Bxa6 Nxa6 17. Qa4 Nb8 18. Bb4 Qe6 19. Qa3 Rf7 20. Bxe7 Rxe7 21.
O-O Rg7 22. Qc3 a5 23. Rc2 h5 24. Rfc1 Raa7 25. Qd3 Qg4 26. Qe2 g5 27. hxg5 h4
28. Kh2 Rg6 29. Rg1 Rh7 30. Qd3 Qh5 31. Qf5 Rf7 32. Qc8+ Rf8 33. Qe6+ Kg7 34.
gxf6+ Rgxf6 35. Qh3 Qg6 36. Rgc1 Qe4 37. Ng5 Qe7 38. f4 Rg6 39. Rc3 Rff6 40.
Kg1 Rh6 41. Kf2 Rfg6 42. Qc8 Rh8 43. Qg4 Rf8 44. Kg1 Rh8 45. Kh2 Rhh6 46. Qc8
Rh8 47. Qf5 Rf8 48. Qh3 Rh8 49. Nf3 Qe4 50. Ng5 Qe7 51. Rh1 Nd7 52. Rhc1 Nb8
53. Qf3 Re8 54. Qh5 Rh8 55. Qe2 Re8 56. Re1 Qd6 57. Qd3 Rxg5 58. Kh1 Rg3 59. f5
Qf6 60. Qf1 Re4 61. Rc2 Rexe3 62. Rxe3 Rxe3 63. Qf4 Re1+ 64. Kh2 Re8 65. Qg4+
Kh6 66. Qf4+ Qg5 67. Qd6+ Kh5 68. Rc3 Rg8 69. g3 Qxf5 70. Kg2 Qe4+ 71. Kh3 Qh1#
0-1

[Event "SR 3. liga A2 2018/2019"]
[Site "?"]
[Date "2018.10.21"]
[Round "2.2"]
[White "Vogl, Zdenek"]
[Black "Chabada, Tomas"]
[Result "0-1"]
[WhiteElo "1890"]
[BlackElo "1982"]
[PlyCount "78"]
[EventDate "2018.??.??"]

1. e4 e5 2. Nf3 Nc6 3. Bb5 a6 4. Ba4 Nf6 5. O-O Be7 6. Re1 b5 7. Bb3 d6 8. c3
O-O 9. d4 Bg4 10. d5 Na5 11. Bc2 c6 12. b4 Nc4 13. h3 Bh5 14. a4 cxd5 15. exd5
Nb6 16. Bb3 bxa4 17. Bc2 e4 18. g4 exf3 19. gxh5 Nbd7 20. h6 Ne5 21. c4 Qd7 22.
Kh2 Nfg4+ 23. Kg1 Bh4 24. Rxe5 Nxe5 25. Qf1 Rfe8 26. Be3 Ng4 27. hxg4 Qxg4+ 28.
Kh1 Bxf2 29. Bxf2 Re5 30. Bg1 Re1 31. Qf2 Re2 32. Qxe2 fxe2 33. Nd2 Qh4+ 34.
Kg2 e1=Q 35. Rxe1 Qxe1 36. Nf3 Qe2+ 37. Kg3 Qxc2 38. Nd4 Qxc4 39. hxg7 f5 0-1

[Event "SR 3. liga A2 2018/2019"]
[Site "?"]
[Date "2018.10.21"]
[Round "2.2"]
[White "Zlamal, Marek"]
[Black "Harastova, Viera"]
[Result "0-1"]
[WhiteElo "1847"]
[BlackElo "1816"]
[PlyCount "106"]
[EventDate "2018.??.??"]
[BlackTeam "B"]

1. e4 e5 2. Nf3 Nc6 3. Bb5 a6 4. Ba4 Nf6 5. O-O d6 6. d3 Be7 7. c3 O-O 8. h3 b5
9. Bb3 Na5 10. Bc2 c5 11. d4 cxd4 12. cxd4 Nc6 13. Nc3 h6 14. Ne2 Bd7 15. Be3
Rc8 16. Ng3 Nh7 17. Nf5 Bxf5 18. exf5 Nf6 19. d5 Nb4 20. Bb3 a5 21. a3 Na6 22.
Rc1 Qd7 23. Qe2 Nc7 24. Qd2 a4 25. Ba2 Qxf5 26. Bb6 Qd7 27. Rfd1 Na8 28. Ba5
Ne4 29. Qe3 Ng5 30. Nd2 Kh8 31. Bc3 f5 32. f4 Nf7 33. fxe5 dxe5 34. Nf3 Bc5 35.
Bd4 Bxd4 36. Nxd4 exd4 37. Qxd4 Rxc1 38. Rxc1 Nd6 39. Rc6 Rc8 40. Ra6 Rc1+ 41.
Kh2 Nc7 42. Rb6 Nce8 43. Ra6 Qc7 44. Qf4 Qc5 45. b4 Qg1+ 46. Kg3 Rc3+ 47. Kh4
Qe1+ 48. g3 Qe7+ 49. Kh5 Nf6+ 50. Kh4 Nxd5+ 51. Kh5 Nxf4+ 52. gxf4 Rxh3+ 53.
Kg6 Qf6# 0-1

[Event "SR 3. liga A2 2018/2019"]
[Site "?"]
[Date "2018.10.21"]
[Round "2.2"]
[White "Vach, Jozef"]
[Black "Hrubos, Milan"]
[Result "1/2-1/2"]
[WhiteElo "1711"]
[BlackElo "1722"]
[PlyCount "84"]
[EventDate "2018.??.??"]

1. d4 g6 2. e4 d6 3. Nf3 Bg7 4. Be3 Nc6 5. Be2 e5 6. d5 Nce7 7. Nc3 f5 8. Bg5
Nf6 9. Bxf6 Bxf6 10. Qd2 f4 11. O-O-O a6 12. Bc4 g5 13. Ne1 Ng6 14. f3 h5 15.
h3 Bd7 16. Bb3 Ke7 17. Nd3 Rh6 18. Nf2 Qh8 19. Qe2 Nh4 20. Rdg1 Rg8 21. Qd1 Qg7
22. Bc4 Ng6 23. Be2 Nh8 24. a3 Nf7 25. Na2 Rg6 26. c4 g4 27. hxg4 hxg4 28. fxg4
Bxg4 29. Nxg4 Rxg4 30. Bxg4 Qxg4 31. Qxg4 Rxg4 32. Nc3 Bh4 33. Nd1 Ng5 34. Rxh4
Rxh4 35. Nf2 Nh7 36. Kd2 Nf6 37. Ke2 Rh7 38. Kf3 Rg7 39. g4 fxg3 40. Rxg3 Rxg3+
41. Kxg3 Nh5+ 42. Kf3 Nf4 1/2-1/2

[Event "SR 3. liga A2 2018/2019"]
[Site "?"]
[Date "2018.10.21"]
[Round "2.2"]
[White "Benak, Peter"]
[Black "Vepy, Ivan"]
[Result "1-0"]
[WhiteElo "1627"]
[BlackElo "1865"]
[PlyCount "119"]
[EventDate "2018.??.??"]

1. c4 e5 2. Nc3 Nf6 3. g3 Be7 4. Bg2 d6 5. e3 O-O 6. Nge2 Nc6 7. d4 exd4 8.
Nxd4 Ne5 9. b3 c5 10. Nde2 Bg4 11. Bxb7 Nf3+ 12. Bxf3 Bxf3 13. Rg1 Ng4 14. h4
Bf6 15. Qd2 Nh2 16. Bb2 Qa5 17. Na4 Qxd2+ 18. Kxd2 Bxb2 19. Nxb2 d5 20. cxd5
Rfd8 21. Nc3 Bxd5 22. Kc2 Bf3 23. Nc4 f6 24. Nd2 Bh5 25. f4 Rd7 26. Rg2 Ng4 27.
Nc4 Rad8 28. e4 Bf7 29. Nd5 Bxd5 30. exd5 Rxd5 31. Re1 a5 32. Ne3 Nxe3+ 33.
Rxe3 Rc8 34. Rd2 Rxd2+ 35. Kxd2 c4 36. Rc3 Rd8+ 37. Kc2 cxb3+ 38. Rxb3 Kf7 39.
Rb5 a4 40. Rb4 Ra8 41. Kb2 Kg6 42. g4 Ra5 43. Ka3 h5 44. g5 Kf5 45. gxf6 gxf6
46. Rxa4 Rd5 47. Rc4 Rd3+ 48. Kb4 Rh3 49. a4 Rxh4 50. a5 Rg4 51. a6 h4 52. Rc5+
Ke6 53. a7 Rg8 54. Ra5 Ra8 55. f5+ Kd6 56. Kb5 h3 57. Kb6 h2 58. Ra1 Rh8 59.
Rh1 Kd5 60. Kb7 1-0

[Event "SR 3. liga A2 2018/2019"]
[Site "?"]
[Date "2018.10.21"]
[Round "2.2"]
[White "Bartos, Bohumil"]
[Black "Stehlik, Jan"]
[Result "1/2-1/2"]
[WhiteElo "1559"]
[BlackElo "1604"]
[PlyCount "91"]
[EventDate "2018.??.??"]

1. d4 d5 2. Nf3 Nf6 3. e3 Bg4 4. Nbd2 e6 5. Bd3 c5 6. c3 Nc6 7. O-O Bd6 8. h3
Bh5 9. Re1 O-O 10. dxc5 Bxc5 11. b4 Bd6 12. Qc2 Bg6 13. Bxg6 hxg6 14. e4 dxe4
15. Nxe4 Nxe4 16. Qxe4 Re8 17. Bb2 Qf6 18. a3 Qf5 19. Qe2 Rac8 20. g4 Qf6 21.
c4 Qe7 22. c5 Bf4 23. Rad1 a6 24. Qc4 Bc7 25. Qc3 Qf8 26. Ng5 Red8 27. Qf3 Rxd1
28. Rxd1 Rd8 29. Rxd8 Bxd8 30. Ne4 Bc7 31. Qd3 Qe7 32. Nd6 Bxd6 33. Qxd6 Qxd6
34. cxd6 Kf8 35. f4 f5 36. g5 Ke8 37. Bxg7 Kd7 38. Be5 Nd8 39. Kf2 Nf7 40. Ke3
b5 41. h4 Nxd6 42. Bxd6 Kxd6 43. Kd4 Kd7 44. Kc5 Ke7 45. Kd4 Kd7 46. Ke3
1/2-1/2

[Event "SR 3. liga A2 2018/2019"]
[Site "?"]
[Date "2018.10.21"]
[Round "2.3"]
[White "Banas, Jan"]
[Black "Sebesta, Radovan"]
[Result "1-0"]
[WhiteElo "2214"]
[BlackElo "1999"]
[PlyCount "77"]
[EventDate "2018.??.??"]

1. e4 c5 2. Nf3 Nc6 3. d4 cxd4 4. Nxd4 g6 5. c4 Bg7 6. Be3 Nf6 7. Nc3 Ng4 8.
Qxg4 Nxd4 9. Qd1 Nc6 10. Qd2 O-O 11. Be2 d6 12. Rc1 Qa5 13. O-O Rd8 14. Rfd1
Be6 15. b3 Rac8 16. f3 a6 17. Bf1 Qh5 18. Nd5 Bxd5 19. exd5 Ne5 20. Re1 Rd7 21.
h3 f5 22. f4 Nf7 23. Bd4 Qh6 24. Re6 Re8 25. Rce1 Nd8 26. R6e2 Bxd4+ 27. Qxd4
Qg7 28. Qf2 Nf7 29. Kh2 Nh6 30. Qh4 Kf8 31. g4 fxg4 32. hxg4 Ng8 33. g5 Rc7 34.
Re3 Qb2+ 35. R1e2 Qa1 36. Bh3 b5 37. f5 bxc4 38. fxg6 hxg6 39. Qh7 1-0

[Event "SR 3. liga A2 2018/2019"]
[Site "?"]
[Date "2018.10.21"]
[Round "2.3"]
[White "Palka, Miroslav"]
[Black "Kovacocy, Pavol"]
[Result "0-1"]
[WhiteElo "1909"]
[BlackElo "2256"]
[PlyCount "94"]
[EventDate "2018.??.??"]

1. c4 g6 2. Nc3 Bg7 3. e4 d6 4. d4 e5 5. Be3 exd4 6. Bxd4 Nf6 7. f3 Nc6 8. Be3
O-O 9. Qd2 Be6 10. Nd5 Ne5 11. Rc1 Bxd5 12. cxd5 c5 13. dxc6 bxc6 14. Be2 Re8
15. Nh3 d5 16. Nf2 h5 17. O-O dxe4 18. Qxd8 Raxd8 19. fxe4 Neg4 20. Nxg4 Nxg4
21. Bxa7 Rxe4 22. Bc4 Rd7 23. Bc5 Bxb2 24. Rc2 Bd4+ 25. Bxd4 Rexd4 26. Re1 Rd1
27. Rc1 Rxc1 28. Rxc1 Ne5 29. Bb3 Kf8 30. Kf1 Ke7 31. Ke2 f5 32. h3 Rd4 33. Rd1
Re4+ 34. Kf2 c5 35. Bd5 Rb4 36. Rd2 h4 37. Bg8 c4 38. Rc2 Ra4 39. Ke3 g5 40.
Kd4 Kd6 41. Re2 Nc6+ 42. Kc3 Kc5 43. Rd2 Ra3+ 44. Kb2 c3+ 45. Kxa3 cxd2 46. Bb3
Na5 47. Bd1 Nc4+ 0-1

[Event "SR 3. liga A2 2018/2019"]
[Site "?"]
[Date "2018.10.21"]
[Round "2.3"]
[White "Sarmir, Milos"]
[Black "Skapikova, Lubica"]
[Result "1-0"]
[WhiteElo "2076"]
[BlackElo "1899"]
[PlyCount "71"]
[EventDate "2018.??.??"]

1. e4 e5 2. Nf3 Nc6 3. Bb5 a6 4. Bxc6 dxc6 5. O-O Bd6 6. d4 Bg4 7. dxe5 Bxf3 8.
Qxf3 Bxe5 9. c3 Qf6 10. Qe3 Qg6 11. f4 Bd6 12. e5 Be7 13. f5 Qh5 14. f6 Bf8 15.
fxg7 Bxg7 16. e6 f6 17. Na3 Ne7 18. Qg3 O-O 19. Bf4 Nf5 20. Qf2 Nd6 21. Rad1
Rfe8 22. Bxd6 cxd6 23. Rde1 Re7 24. Nc4 Rd8 25. b4 Qb5 26. Qh4 Qg5 27. Qh3 d5
28. Ne3 Rde8 29. Nf5 Rc7 30. Rf3 Qd2 31. Qg3 Ree7 32. Rd3 Qc2 33. Nxe7+ Rxe7
34. Qb8+ Bf8 35. Rg3+ Rg7 36. e7 1-0